000 00293nam a22001337a 4500
008 170925b xxu||||| |||| 00| 0 eng d
020 _a9780802074119
041 _aeng
080 _a37
100 _a46
101 _aEDU
245 _aLIFTIN A TON OF FEATHERS
_cCAPLAN,P.J
942 _2udc
_cBK
999 _c29558
_d29558